[Event "Kobanya op"]
[Site "Kobanya op"]
[Date "1992.??.??"]
[Round "5"]
[White "Szekely, Peter"]
[Black "Touzane, Olivier"]
[Result "1-0"]
[WhiteElo "2450"]
[BlackElo "2280"]

1.Nf3 f5 2.g3 Nf6 3.Bg2 g6 4.O-O Bg7 5.d4 O-O 6.c4 d6 7.Nc3 Qe8 8.Re1 Qf7
9.b3 Ne4 10.Bb2 Nc6 11.Qd3 Nxc3 12.Bxc3 e5 13.dxe5 dxe5 14.Ng5 Qe7 15.Bd5+ Kh8
16.Bxc6 bxc6 17.f4 Bf6 18.Nf3 e4 19.Qe3 Bb7 20.Rad1 Kg8 21.Bxf6 Rxf6 22.Ne5 Rd6
23.c5 Rxd1 24.Rxd1 Rd8 25.Rd4 Kf8 26.Kf2 Qe8 27.Qc3 Ke7 28.Rb4 Bc8 29.Ra4 a6
30.Qa5 Rd1 31.Qxc7+ Kf8 32.Qxh7 Be6 33.Nxg6+  1-0

[Event "Kobanya op"]
[Site "Kobanya op"]
[Date "1992.??.??"]
[Round "9"]
[White "Bagaturov, Giorgi"]
[Black "Grinshpun, Eduard"]
[Result "0-1"]
[WhiteElo "2420"]
[BlackElo "2400"]

1.d4 f5 2.g3 Nf6 3.Bg2 g6 4.Nf3 Bg7 5.O-O O-O 6.c4 d6 7.Nc3 Nc6 8.d5 Na5
9.Qd3 c5 10.b3 a6 11.Rb1 Rb8 12.Ng5 Qe8 13.Bd2 b5 14.Ne6 Bxe6 15.dxe6 Nc6
16.e3 Ne5 17.Qe2 b4 18.Nd5 Nxd5 19.Bxd5 Ng4 20.Bc1 a5 21.Bb2 Bxb2 22.Rxb2 Nf6
23.Rd2 Nxd5 24.cxd5 Qb5 25.Qd1 Rfc8 26.g4 Rf8 27.f4 c4 28.gxf5 Rxf5 29.e4 Rf6
30.e5 Rf5 31.exd6 c3 32.Rd4 Qc5 33.Kg2 Qxd6 34.Qd3 Rd8 35.Rd1 Rxf4 36.Rxf4 Qxf4
37.Qg3 Qe4+ 38.Qf3 Qc2+ 39.Kg1 Rf8 40.Qg4 Qf2+ 41.Kh1 c2 42.Rg1 Rf4 43.Qg5 Qf3+  0-1

[Event "Kobanya op"]
[Site "Kobanya op"]
[Date "1992.??.??"]
[Round "11"]
[White "Burmakin, Vladimir"]
[Black "Berkovich, Dmitry"]
[Result "0-1"]
[WhiteElo "2330"]
[BlackElo "2455"]

1.d4 f5 2.Nf3 g6 3.g3 Bg7 4.Bg2 Nf6 5.O-O O-O 6.c4 d6 7.Nc3 c6 8.Re1 Na6
9.b3 Qc7 10.Bb2 e5 11.dxe5 dxe5 12.Na4 e4 13.Be5 Qd7 14.Ng5 h6 15.Nh3 Qe6
16.Qd6 Re8 17.Qxe6+ Bxe6 18.Rad1 Rad8 19.f3 b5 20.cxb5 cxb5 21.Nc3 Rxd1 22.Rxd1 Bxb3
23.Bxf6 Bxd1 24.Bxg7 Kxg7 25.Nxd1 Rd8 26.Ne3 Rd2 27.fxe4 Rxe2 28.Nd5 fxe4
29.Bf1 Rb2 30.a4 bxa4 31.Bxa6 a3 32.Bc4 a5 33.Nf2 Rc2 34.Bb3 Rc1+ 35.Kg2 a4
36.Ba2 Rc2 37.Nb4 Rb2 38.Kf1 Rxb4 39.Ke2 Kf6 40.Ke3 Ke5  0-1

[Event "Ladenburg BM"]
[Site "Ladenburg"]
[Date "1992.??.??"]
[Round "11"]
[White "Mandel, Andreas"]
[Black "Preiss, Martin"]
[Result "1-0"]
[WhiteElo "2375"]
[BlackElo "2275"]

1.Nf3 f5 2.c4 Nf6 3.g3 g6 4.Bg2 Bg7 5.O-O O-O 6.d4 d6 7.Nc3 Qe8 8.d5 Na6
9.Nd4 Bd7 10.e4 Nxe4 11.Nxe4 fxe4 12.Bxe4 c5 13.dxc6 bxc6 14.Rb1 Rd8 15.Bg5 h6
16.Be3 Nc5 17.Bg2 e5 18.Nb3 Bf5 19.Nxc5 dxc5 20.Qa4 Bxb1 21.Bxc6 Qe7 22.Rxb1 e4
23.Bd5+ Kh7 24.Qa3 Rc8 25.b4 Bd4 26.bxc5 Rf3 27.Qa6 Bxe3 28.Qxc8 Bxf2+ 29.Kg2 Qf8
30.Qc7+ Qg7 31.Qxg7+ Kxg7 32.Rb7+ Kh8 33.c6  1-0

[Event "ESP-ch"]
[Site "Madrid"]
[Date "1992.??.??"]
[Round "5"]
[White "Garcia Ilundain, David"]
[Black "Sanz Alonso, Francisco Javier"]
[Result "1/2-1/2"]
[WhiteElo "2435"]
[BlackElo "2410"]

1.d4 f5 2.g3 Nf6 3.Bg2 g6 4.Nf3 Bg7 5.O-O O-O 6.c4 d6 7.Nc3 Qe8 8.Nd5 Nxd5
9.cxd5 Qb5 10.Ng5 c6 11.h4 cxd5 12.a4 Qc6 13.Bf4 e6 14.Rc1 Qb6 15.Rxc8 Rxc8
16.Nxe6 Nd7 17.Bxd5 Nf6 18.Nc7+ Nxd5 19.Nxd5 Qxb2 20.Ne7+ Kf7 21.Nxc8 Rxc8
22.e3 d5 23.Qf3 Ke6 24.g4 Qc2 25.Bg3 Qxa4 26.gxf5+ gxf5 27.e4 dxe4 28.d5+ Kf6
29.Qf4 Qd7 30.Rd1 Kf7 31.d6 Rc5 32.Qe3 b6 33.Kh2 Rc3 34.Qg5 a5 35.Bf4 Rf3
36.Rd5 h6 37.Rxf5+ Kg8 38.Qg6 Rxf2+ 39.Kg1 e3 40.h5 a4 41.Re5 Rxf4 42.Re8+ Qxe8
43.Qxe8+ Rf8 44.d7 e2 45.Qxe2 Bf6 46.Qe6+ Kg7 47.Qe8 Bg5 48.Qg6+ Kh8 49.Qxb6 Rd8
50.Qa7 Kg7 51.Qxa4 Kf7 52.Kg2 Ke6 53.Qc6+ Ke7 54.Kf3 Rxd7 55.Ke4 Rd2 56.Qb6 Kd7
57.Ke5 Kc8 58.Qa6+ Kb8 59.Ke6 Rd8 60.Qb6+ Kc8 61.Qxd8+  1/2-1/2

[Event "Manila ol (Women)"]
[Site "Manila"]
[Date "1992.??.??"]
[Round "?"]
[White "Kunte, Mrunalini"]
[Black "Kosc, Renata"]
[Result "1/2-1/2"]
[WhiteElo "2090"]
[BlackElo "2080"]

1.d4 f5 2.c4 Nf6 3.Nf3 g6 4.g3 Bg7 5.Bg2 O-O 6.O-O d6 7.Nc3 c6 8.d5 Qa5 9.Nd4 cxd5
10.cxd5 Na6 11.Nb3 Qd8 12.Be3 Nc7 13.Qd2 Ng4 14.Bd4 Bh6 15.e3 e5 16.dxe6 Nxe6
17.Rfd1 Ne5 18.Nd5 Nxd4 19.Nxd4 Bd7 20.Qb4 Qb8 21.Rac1 a5 22.Qb3 a4 23.Qb4 Nc6
24.Nxc6 bxc6 25.Ne7+ Kf7 26.Nxc6 Qxb4 27.Nxb4 Rac8 28.Nc6 Bxc6 29.Rxc6 Bg7
30.Rdxd6 Bxb2 31.Rd7+ Kg8 32.Bd5+ Kh8 33.Rb6 Rb8 34.Ra6 Rfd8 35.Rxd8+ Rxd8
36.Bc6 a3 37.Ra8 Rxa8 38.Bxa8 Kg7 39.Kg2 Kf6 40.Kf3 h6 41.Bd5 Be5 42.h4 h5
43.e4 fxe4+ 44.Kxe4 Bc7 45.Bc4 Bb6 46.Kf3  1/2-1/2

[Event "Manila ol (Women)"]
[Site "Manila"]
[Date "1992.??.??"]
[Round "?"]
[White "Horvath, Maria"]
[Black "Chaves, Jussara"]
[Result "1/2-1/2"]
[WhiteElo "2050"]
[BlackElo "2165"]

1.Nf3 f5 2.g3 Nf6 3.Bg2 g6 4.O-O Bg7 5.d4 O-O 6.c4 d6 7.Nc3 c6 8.b3 Ne4 9.Bb2 c5
10.Nxe4 fxe4 11.Ng5 e5 12.Nxe4 exd4 13.h4 Nc6 14.Qd2 Bf5 15.Ng5 Qd7 16.e4 dxe3
17.Bd5+ Kh8 18.Bxg7+ Qxg7 19.Qxe3 Rae8 20.Qd2 h6 21.Nf3 Nb4 22.Rae1 Nxd5
23.Qxd5 Bg4 24.Rxe8 Rxe8 25.Kg2 Qd7 26.Rd1 Rf8 27.Rd3 Qc6 28.Qxc6 bxc6 29.Nd2 Rd8
30.f3 Bf5 31.Re3 d5 32.g4 dxc4 33.Nxc4 Bb1 34.Re6 Bxa2 35.Rxg6 Bxb3 36.Ne5 Kh7
37.Rxc6  1/2-1/2

[Event "Manila ol (Women)"]
[Site "Manila"]
[Date "1992.??.??"]
[Round "?"]
[White "Galliamova, Alisa"]
[Black "Sofieva, Ainur"]
[Result "1/2-1/2"]
[WhiteElo "2410"]
[BlackElo "2385"]

1.d4 f5 2.c4 Nf6 3.Nf3 g6 4.g3 Bg7 5.Bg2 O-O 6.O-O d6 7.Nc3 c6 8.d5 e5 9.dxe6 Bxe6
10.Qd3 Na6 11.Bf4 Ne8 12.b3 Qf6 13.Rac1 d5 14.cxd5 Nb4 15.Qd2 Nxd5 16.Be5 Qe7
17.Bxg7 Nxg7 18.Ng5 Nxc3 19.Rxc3 Rad8 20.Qf4 Qf6 21.Qh4 h5 22.Rc2 Rd4 23.f4 Bd5
24.Bxd5+ Rxd5 25.Nf3 Qxh4 26.Nxh4 Kf7 27.Nf3 Ne6 28.Ne5+ Kf6 29.Kf2 Rfd8
30.Rfc1 Ng5 31.fxg5+ Kxe5 32.Kf3 Kd6 33.b4 Re8 34.Rc4 Rd2 35.e4 fxe4+ 36.Rxe4 Rxe4
37.Kxe4 Rxa2 38.Rf1 Re2+ 39.Kd4 Rxh2 40.Rf6+ Kc7 41.Rxg6 Rg2 42.Rh6 Rxg3
43.Rxh5 b5 44.Ke5 Kb6 45.Kf6 Rf3+ 46.Ke6 Rg3 47.Kf6  1/2-1/2

[Event "Manila ol (Men)"]
[Site "Manila"]
[Date "1992.??.??"]
[Round "?"]
[White "Olsen, Heini"]
[Black "Sebih, Kamel"]
[Result "1/2-1/2"]
[WhiteElo "2245"]
[BlackElo "2305"]

1.d4 f5 2.g3 Nf6 3.Bg2 g6 4.Nf3 Bg7 5.O-O O-O 6.c4 d6 7.Nc3 Nc6 8.d5 Ne5
9.Nxe5 dxe5 10.e4 f4 11.c5 g5 12.b4 a5 13.b5 Bg4 14.f3 Bc8 15.g4 Ne8 16.Qb3 Kh8
17.Ba3 Rf6 18.Rad1 h5 19.h3 Rh6 20.Rf2 b6 21.Rfd2 Rb8 22.Qa4 Bd7 23.Rc2 Bf8
24.Rdc1 Nf6 25.cxb6 cxb6 26.Nd1 e6 27.d6 Ne8 28.Rd2 Rc8 29.Rc4 Rh7 30.Nf2 Rxc4
31.Qxc4 Qb8 32.Bb2 Bxd6 33.Nd3 Kg8 34.a4 hxg4 35.hxg4 Bc8 36.Nxe5 Bxe5 37.Rd8 Kf8
38.Ba3+ Kf7 39.Rxc8 Nd6 40.Rc7+ Kf6 41.Bxd6 Rxc7 42.Qxc7 Qxc7 43.Bxc7 Bxc7
44.Bf1 Ke5 45.Bc4 Kd4 46.Bb3 Ke3 47.Kg2 e5 48.Bc4 Bd6 49.Bf1 Kd2 50.Bc4 Kc2
51.Be2 Bc5 52.Kf1  1/2-1/2

[Event "Munich op9192"]
[Site "Munich"]
[Date "1992.??.??"]
[Round "3"]
[White "Fising, Rolf"]
[Black "Bibik, Jura"]
[Result "0-1"]
[WhiteElo "2265"]
[BlackElo "2240"]

1.d4 f5 2.Nf3 Nf6 3.g3 g6 4.Bg2 Bg7 5.O-O O-O 6.c4 d6 7.Nc3 c6 8.b3 Qa5 9.Bb2 e5
10.dxe5 dxe5 11.Qc2 Nbd7 12.e4 f4 13.Rad1 fxg3 14.hxg3 Nh5 15.Na4 Re8 16.c5 Nf8
17.Ng5 Ne6 18.Nf3 Qc7 19.Rd3 Bf6 20.Rfd1 Ng5 21.Nxg5 Bxg5 22.Rd6 Bg4 23.Qc4+ Qf7
24.Qxf7+ Kxf7 25.f3 Bc8 26.R6d3 Nxg3 27.Bc3 Ne2+ 28.Kf2 Nxc3 29.Rxc3 Be6
30.Nb2 Rad8 31.Rcd3 Be7 32.Rxd8 Rxd8 33.Rxd8 Bxd8 34.Nd3 Bh4+ 35.Kg1 Bg3
36.Bf1 Kf6 37.Nb2 Be1 38.Nd3 Bc3 39.Kf2 a5 40.Ke3 a4 41.bxa4 Bxa2 42.Bh3 Bd4+
43.Kd2 h5 44.Bc8 h4 45.f4 Be6 46.fxe5+ Bxe5 47.Bxb7 h3 48.Nf2 Bd4 49.e5+ Ke7
50.Ke2 Kd7  0-1

[Event "NED-chT"]
[Site "NED"]
[Date "1992.??.??"]
[Round "?"]
[White "De Boer, Gert Jan"]
[Black "Timmerman, Gert J"]
[Result "1-0"]
[WhiteElo "2425"]
[BlackElo "2350"]

1.d4 f5 2.g3 Nf6 3.Bg2 g6 4.c4 Bg7 5.Nf3 O-O 6.O-O d6 7.Nc3 c6 8.d5 e5 9.dxe6 Bxe6
10.Qd3 Na6 11.Bf4 Ne4 12.Nxe4 fxe4 13.Qxe4 Nc5 14.Qc2 Bf5 15.Qd2 Ne4 16.Qb4 Qb6
17.Qxb6 axb6 18.Nh4 Bxb2 19.Rab1 Rxa2 20.Nxf5 gxf5 21.Bxe4 fxe4 22.Bxd6 Rf7
23.e3 Rf3 24.g4 Kf7 25.Rfd1 Ke6 26.Rd2 Ra1 27.Rxa1 Bxa1 28.Bf4 Bf6 29.g5 Be7
30.Rd4 Kf5 31.h4 h6 32.gxh6 Bxh4 33.h7 Bf6 34.Rd7 Rh3 35.Rxb7 b5 36.cxb5 cxb5
37.Kg2 Rh4 38.Rxb5+ Kg6 39.Rb4 Kf5 40.Rb5+ Kg6 41.Be5 Rg4+ 42.Kh3 Rh4+ 43.Kg3 Rxh7
44.Rb6  1-0

[Event "Nordic zt"]
[Site "?"]
[Date "1992.??.??"]
[Round "1"]
[White "Petursson, Margeir"]
[Black "Yrjola, Jouni"]
[Result "1/2-1/2"]
[WhiteElo "2565"]
[BlackElo "2460"]

1.c4 f5 2.d4 Nf6 3.g3 g6 4.Bg2 Bg7 5.Nf3 O-O 6.O-O d6 7.Nc3 c6 8.d5 Bd7 9.Rb1 Na6
10.b3 Qe8 11.e4 fxe4 12.Ng5 Nc5 13.Be3 Bf5 14.b4 Ncd7 15.Ngxe4 Ne5 16.Qe2 Nxe4
17.Nxe4 cxd5 18.cxd5 Qd7  1/2-1/2

[Event "Novi Sad"]
[Site "Novi Sad"]
[Date "1992.??.??"]
[Round "5"]
[White "Ninov, Kiril"]
[Black "Rakic, Tomislav"]
[Result "1-0"]
[WhiteElo "2395"]
[BlackElo "2385"]

1.Nf3 g6 2.d4 Bg7 3.c4 f5 4.g3 Nf6 5.Bg2 O-O 6.O-O d6 7.Nc3 c6 8.b3 a5 9.Bb2 Na6
10.a3 Rb8 11.Qd3 Qe8 12.d5 Nc5 13.Qc2 e5 14.dxe6 Bxe6 15.Ng5 Bd7 16.b4 Ne6
17.Nf3 Ng4 18.Rad1 axb4 19.axb4 Qe7 20.Qd2 Rfd8 21.e4 Be8 22.exf5 gxf5 23.Nh4 Bg6
24.Rfe1 Ne5 25.Nxg6 hxg6 26.Qe2 f4 27.Na4 Qf7 28.Bxe5 dxe5 29.Nb6 Rxd1 30.Rxd1 Nd4
31.Qg4 Rd8 32.Be4 g5 33.Kg2 Bf6 34.Rd3 Kf8 35.Ra3 fxg3 36.hxg3 Kg7 37.Ra5 Ne6
38.Qf5 Kh6 39.Qg4  1-0

[Event "Oberwart op"]
[Site "Oberwart"]
[Date "1992.??.??"]
[Round "6"]
[White "Vigh, Bela"]
[Black "Reinemer, Frank"]
[Result "1-0"]
[WhiteElo "2360"]
[BlackElo "2295"]

1.d4 f5 2.Nf3 Nf6 3.g3 g6 4.Bg2 Bg7 5.O-O O-O 6.c4 d6 7.d5 Qe8 8.Nc3 Na6
9.Be3 Ng4 10.Bd4 e5 11.dxe6 Ne5 12.Rc1 h6 13.b3 Kh8 14.Qd2 Qxe6 15.Nd5 Qf7
16.c5 c6 17.cxd6 Nxf3+ 18.Bxf3 g5 19.Bxg7+ Qxg7 20.Ne7 Bd7 21.b4 Rad8 22.b5 cxb5
23.Bxb7 Nb8 24.Rc7 Qf6 25.f4 Be8 26.Nd5 Rxd6 27.Nxf6  1-0

[Event "Oostende op"]
[Site "Oostende"]
[Date "1992.??.??"]
[Round "2"]
[White "Hofman, Ron"]
[Black "Lutz, Christopher"]
[Result "0-1"]
[WhiteElo "2235"]
[BlackElo "2550"]

1.d4 f5 2.Nf3 Nf6 3.g3 g6 4.Bg2 Bg7 5.O-O O-O 6.c4 d6 7.Nc3 Qe8 8.Re1 Qf7
9.Ng5 Qxc4 10.Bf1 Qc6 11.e4 fxe4 12.Qb3+ d5 13.Rxe4 Nxe4 14.Nxd5 Kh8 15.Bb5 Nxg5
16.Bxc6 Nh3+ 17.Kf1 Rxf2+ 18.Ke1 Nxc6 19.Be3 Rxh2 20.Nxc7 Rb8 21.Ne8 Nxd4
22.Bxd4 Bxd4 23.Qf7 Rf2 24.Nf6 Rxf6 25.Qe8+ Kg7 26.Qxe7+ Rf7 27.Qb4 Bf2+
28.Kd2 Bf5 29.Qh4 g5 30.Qa4 Rd8+ 31.Ke2 Bd3+  0-1

[Event "RUS-ch"]
[Site "Orel"]
[Date "1992.??.??"]
[Round "?"]
[White "Glyanets, Alexander"]
[Black "Ragozin, Evgeni"]
[Result "1-0"]
[WhiteElo "2370"]
[BlackElo "2415"]

1.d4 f5 2.g3 Nf6 3.Bg2 g6 4.Nf3 Bg7 5.O-O O-O 6.c4 c6 7.Nc3 Na6 8.Rb1 Ne4
9.c5 b6 10.cxb6 axb6 11.Qc2 d5 12.Rd1 Be6 13.Ng5 Bd7 14.f3 Nxg5 15.Bxg5 Qe8
16.e4 fxe4 17.fxe4 Bg4 18.exd5 Bxd1 19.Rxd1 c5 20.dxc5 bxc5 21.Qe4 Ra7 22.Re1 Rf5
23.Qe6+ Qf7 24.Qb6 Bd4+ 25.Be3 Bxe3+ 26.Rxe3 Ra8 27.d6 Rf8 28.Qxa6 exd6 29.Qd3 Kh8
30.h4 g5 31.Ne4 Re5 32.Qxd6 Rd5 33.Qh6 gxh4 34.Rf3 Rf5 35.Nd6 Qf6 36.Nxf5  1-0

[Event "Pardubice op"]
[Site "Pardubice"]
[Date "1992.??.??"]
[Round "1"]
[White "Cerny, Martin"]
[Black "Salai, Ladislav"]
[Result "1/2-1/2"]
[WhiteElo "2265"]
[BlackElo "2380"]

1.Nf3 f5 2.c4 Nf6 3.g3 g6 4.Bg2 Bg7 5.O-O O-O 6.d4 d6 7.Nc3 Qe8 8.d5 Na6
9.Nd4 Bd7 10.e4 fxe4 11.Nxe4 Nxe4 12.Bxe4 Nc5 13.Bg2 a5 14.h4 Qf7 15.Bg5 Bxd4
16.Qxd4 e5 17.dxe6 Nxe6 18.Qd2 Nxg5 19.Qxg5 Bc6 20.Bxc6 bxc6 21.h5 Rae8 22.hxg6 hxg6
23.Rad1 Re5 24.Qg4 Rf5 25.f4 Kg7 26.b3 Rh5 27.Kg2 Qf5 28.Qxf5 Rhxf5 29.Rfe1  1/2-1/2

[Event "Pardubice op"]
[Site "Pardubice"]
[Date "1992.??.??"]
[Round "1"]
[White "Tunik, Gennady"]
[Black "Beuchler, Holger"]
[Result "1-0"]
[WhiteElo "2480"]
[BlackElo "2275"]

1.d4 f5 2.g3 Nf6 3.Bg2 g6 4.Nf3 Bg7 5.O-O O-O 6.c4 d6 7.Nc3 Qe8 8.d5 Na6
9.Rb1 c6 10.dxc6 bxc6 11.b4 Bd7 12.a3 Nc7 13.a4 Rb8 14.b5 Ne4 15.Nxe4 fxe4
16.Ng5 d5 17.cxd5 cxd5 18.Be3 Bf6 19.h4 Rb7 20.Rc1 Bf5 21.Rxc7 Rxc7 22.Qxd5+ Kh8
23.Nxe4 Bxe4 24.Bxe4 Qd7 25.Qxd7 Rxd7 26.Bc6 Rc7 27.Rd1 Rfc8 28.Rd5 e5 29.Rd6 Kg7
30.a5 Rd8 31.Rxd8 Bxd8 32.a6 Be7 33.Bb7 Bc5 34.Bxc5 Rxc5 35.b6 axb6 36.a7 Ra5
37.a8=Q Rxa8 38.Bxa8  1-0

[Event "Pila"]
[Site "Pila"]
[Date "1992.??.??"]
[Round "4"]
[White "Certek, Pavel"]
[Black "Lanc, Alois"]
[Result "1/2-1/2"]
[WhiteElo "2325"]
[BlackElo "2470"]

1.d4 f5 2.Nf3 Nf6 3.g3 g6 4.Bg2 Bg7 5.O-O O-O 6.c4 d6 7.Nc3 Nc6 8.b3 Ne4
9.Bb2 e5 10.dxe5 Nxc3 11.Bxc3 Qe8 12.Nd4 Nxe5 13.Rc1 Qe7 14.Qd2 c6 15.Nf3 Be6
16.Rfd1 Rad8 17.Qe3 Ng4 18.Qg5 Nf6 19.Qe3 Ng4 20.Qg5 Nf6  1/2-1/2

[Event "RUS-chT"]
[Site "Podolsk"]
[Date "1992.??.??"]
[Round "?"]
[White "Chernikov, Oleg L"]
[Black "Potapov, Alexander"]
[Result "0-1"]
[WhiteElo "2405"]
[BlackElo "2375"]

1.c4 f5 2.g3 Nf6 3.Nf3 g6 4.Bg2 Bg7 5.O-O O-O 6.d4 d6 7.Nc3 Qe8 8.b3 Na6
9.Bb2 h6 10.d5 g5 11.Nd4 f4 12.Ne6 Bxe6 13.dxe6 fxg3 14.hxg3 Ng4 15.Bf3 Qh5
16.Bxg4 Qxg4 17.Qd2 c6 18.Nd1 Bxb2 19.Qxb2 Nc5 20.b4 Nxe6 21.Ne3 Qe4 22.Rad1 Rf6
23.Rxd6 Raf8 24.Rd3 g4 25.Qd2 Ng5 26.Rd8 Nh3+ 27.Kh2 Nxf2 28.Ng2 Qxc4 29.Rxf8+ Kxf8
30.Nf4 Ne4 31.Qd7 h5 32.Ne6+ Kf7 33.Nd8+ Kg6 34.Qe8+ Kh6 35.Qh8+ Kg6 36.Qe8+ Kg5
37.Nf7+ Rxf7 38.Qg8+ Kh6 39.Qh8+ Kg6 40.Qg8+ Kh6 41.Qh8+ Rh7 42.Qf8+ Rg7
43.Qf4+ Kh7 44.Qf5+ Rg6 45.Qf8 Qxe2+ 46.Kg1 Qe3+ 47.Kg2 Qxg3+ 48.Kh1 Qh3+
49.Kg1 Qe3+ 50.Kg2 Nf6  0-1

[Event "RUS-chT"]
[Site "Podolsk"]
[Date "1992.??.??"]
[Round "?"]
[White "Ivanov, Oleg"]
[Black "Potapov, Alexander"]
[Result "1-0"]
[WhiteElo "2430"]
[BlackElo "2375"]

1.c4 f5 2.g3 Nf6 3.d4 g6 4.Bg2 Bg7 5.Nf3 O-O 6.O-O d6 7.Nc3 Qe8 8.Nd5 Nxd5
9.cxd5 Qb5 10.Ng5 Qb6 11.Be3 Na6 12.Qd2 Bd7 13.a3 h6 14.Ne6 Bxe6 15.dxe6 Kh7
16.b4 d5 17.b5 Qxb5 18.Rfc1 Qa4 19.Rab1 Rab8 20.Bxd5 c6 21.Bc4 Rfd8 22.Qc2 Qxc2
23.Rxc2 Nc7 24.Bf4 Rdc8 25.d5 c5 26.d6 exd6 27.Bxd6 b6 28.e4 fxe4 29.Re2 b5
30.Bxc7 Rxc7 31.Rxb5 Rxb5 32.Bxb5 c4 33.Rxe4 c3 34.e7 c2 35.e8=Q c1=Q+ 36.Kg2 Rc8
37.Qe6 Rf8 38.a4 Qc5 39.Re2 a5 40.Bd3 Rf6 41.Qe4 h5 42.Rc2 Qd6 43.Qe2 Kh6
44.Qe3+ Kh7 45.Rc5 Re6 46.Rxh5+ Kg8 47.Bc4 Qc6+ 48.Bd5 gxh5 49.Qxe6+ Qxe6
50.Bxe6+ Kf8 51.f4 Ke7 52.Bb3 Kf6 53.Kf3 Bf8 54.h3 Bb4 55.Bc4 Be1 56.Bb5 h4
57.g4 Bd2 58.g5+ Kg6 59.Kg4 Be1 60.f5+ Kf7 61.Bc4+  1-0

[Event "RUS-chT"]
[Site "Podolsk"]
[Date "1992.??.??"]
[Round "?"]
[White "Ivanov, Sergey"]
[Black "Yagupov, Igor"]
[Result "1-0"]
[WhiteElo "2440"]
[BlackElo "2410"]

1.d4 f5 2.Nf3 Nf6 3.c4 g6 4.g3 Bg7 5.Bg2 O-O 6.O-O d6 7.Nc3 c6 8.d5 e5 9.dxe6 Bxe6
10.b3 Na6 11.Bb2 Qe7 12.Ng5 Bd7 13.Qc2 Rad8 14.Rad1 Rfe8 15.a3 h6 16.Nf3 Be6
17.Rfe1 Bf7 18.Nd2 Nc5 19.b4 Nce4 20.Ncxe4 Nxe4 21.Bxg7 Kxg7 22.Nxe4 fxe4
23.e3 d5 24.cxd5 Rxd5 25.Rxd5 Bxd5 26.Rd1 a5 27.Rd4 axb4 28.axb4 h5 29.h4 Kh6
30.Bf1 g5 31.hxg5+ Qxg5 32.Bc4 h4 33.Bxd5 cxd5 34.Qc5 Re5 35.Qf8+ Kg6 36.Qg8+ Kh6
37.Qxg5+ Kxg5 38.f4+ exf3 39.gxh4+ Kh5 40.Kf2 Rf5 41.Rf4 Rxf4 42.exf4 Kg4
43.f5  1-0

[Event "RUS-chT"]
[Site "Podolsk"]
[Date "1992.??.??"]
[Round "?"]
[White "Kulikov, Oleg"]
[Black "Yagupov, Igor"]
[Result "1-0"]
[WhiteElo "2335"]
[BlackElo "2410"]

1.d4 f5 2.g3 Nf6 3.Bg2 g6 4.Nf3 Bg7 5.O-O O-O 6.c4 d6 7.Nc3 Nc6 8.d5 Ne5
9.Nxe5 dxe5 10.b3 e4 11.Ba3 Rf7 12.Qc2 e5 13.dxe6 Bxe6 14.Rad1 Qe8 15.f3 exf3
16.exf3 Rd7 17.Rxd7 Qxd7 18.Rd1 Qf7 19.Qd2 c6 20.Ne2 Re8 21.Nf4 Bc8 22.Re1 Nd7
23.Rxe8+ Qxe8 24.Qe2 Qxe2 25.Nxe2 Ne5 26.Bc5 a5 27.Bd4 Nd3 28.Bxg7 Kxg7 29.Nc3 Kf6
30.f4 Ke7 31.Bf1 Nc5 32.Kf2 Kd6 33.Ke3 Bd7 34.Be2 Be8 35.Nd1 b6 36.Nf2 Bf7
37.Kd4 Ne6+ 38.Kc3 c5 39.Bf3 Nd4 40.Bg2 a4 41.Nd3 b5 42.bxa4 b4+ 43.Nxb4 Ne2+
44.Kd2 cxb4 45.Kxe2 Bxc4+ 46.Kd2 Kc5 47.Bf3 Bxa2 48.Be2 Kb6 49.Kc2 Bd5 50.Bb5 Ka5
51.Be8 Bc4 52.Bd7 Kb6 53.h4 Be2 54.Be8 Bf3 55.Kb3 Kc5 56.a5 Bd5+ 57.Kb2 Kd4
58.a6 Ke3 59.a7 Kf3 60.Bf7 Be4 61.Kb3 Kxg3 62.Kxb4 Kxf4 63.Kc5 Ke5 64.Be8  1-0

[Event "Porz"]
[Site "Porz"]
[Date "1992.??.??"]
[Round "2"]
[White "Chuchelov, Vladimir"]
[Black "Kalinitschew, Sergey"]
[Result "1-0"]
[WhiteElo "2490"]
[BlackElo "2465"]

1.d4 f5 2.g3 Nf6 3.Bg2 g6 4.Nf3 Bg7 5.c4 O-O 6.O-O d6 7.Nc3 c6 8.b3 Nh5 9.Bb2 Na6
10.d5 e5 11.dxe6 Bxe6 12.Nd4 Bd7 13.e3 Qe7 14.Qd2 Rad8 15.Rad1 Nf6 16.Nde2 Bc8
17.Na4 Ne4 18.Qc1 Nac5 19.Nxc5 Nxc5 20.Bxg7 Kxg7 21.Nc3 a6 22.Rd4 Ne6 23.Rd2 g5
24.Rfd1 Rf6 25.b4 Rh6 26.Qc2 Nc7 27.Rd4 Rf8 28.Qd2 Rff6 29.f4 gxf4 30.exf4 Re6
31.Rd3 Bd7 32.Bf3 b5 33.c5 d5 34.Ne2 Qf6 35.Nd4 Re8 36.Re3 Rxe3 37.Qxe3 Ne6
38.Nxe6+ Qxe6 39.Qc3+ Qf6 40.Qd2 Qe7 41.Qd4+ Kg8 42.Kg2 Re6 43.Kf2 Qg7 44.Qxg7+ Kxg7
45.a4 Be8 46.axb5 axb5 47.Ra1 Kf6 48.Ra8 Re7 49.h3 h5 50.Rd8 Re6 51.Ra8 Re7
52.Be2 Bf7 53.Ra6 Re6 54.Bd3 Be8 55.Ra8 Re7 56.Rd8 Re6 57.Rc8 Re7 58.Ra8 Re6
59.Ra7 d4 60.Ra6 Bd7 61.h4 Be8 62.Be2 Ke7 63.Ra1 Re4 64.Bf3 Ke6 65.Ra8 Bd7
66.Rh8 Re3 67.Rh6+ Ke7 68.Rd6 Rb3 69.Rxd4 Be8 70.Be2 Bf7 71.Bd3 Be6 72.Rd6 Bd5
73.Bxb5 Rb2+ 74.Ke3 Rb3+ 75.Kd2 Rb2+ 76.Kc3 Rb3+ 77.Kc2 Rxb4 78.Bxc6 Be6
79.Bd5 Bd7 80.Kc3 Rb1 81.Bf3 Be6 82.Rd3 Rc1+ 83.Kb4 Rb1+ 84.Ka5 Bc4 85.Rc3 Bf1
86.Bxh5 Kd7 87.Bg6 Kc6 88.Bxf5 Rb5+ 89.Ka4 Rb2 90.Be4+ Kc7 91.h5 Re2 92.Bf3 Rh2
93.c6 Ba6 94.Kb4 Bc8 95.Re3 Kb6 96.g4 Rh3 97.f5  1-0

[Event "EU-ch U16"]
[Site "Rimavska Sobota"]
[Date "1992.??.??"]
[Round "?"]
[White "Musat, Adrian"]
[Black "Gyimesi, Zoltan"]
[Result "1-0"]
[WhiteElo "2285"]
[BlackElo "2445"]

1.d4 f5 2.g3 g6 3.Bg2 Bg7 4.Nf3 Nf6 5.O-O O-O 6.c4 d6 7.Nc3 Qe8 8.d5 Na6
9.Rb1 Bd7 10.b4 c6 11.dxc6 bxc6 12.b5 Nc5 13.Nd4 Nfe4 14.Nxe4 Nxe4 15.Bb2 Rb8
16.a4 cxb5 17.cxb5 Qf7 18.f3 Nc5 19.f4 Qa2 20.Nc6 Bxc6 21.bxc6 Qxa4 22.Bd5+ Kh8
23.Bxg7+ Kxg7 24.Qxa4 Nxa4 25.Rxb8 Rxb8 26.Be6 Rb2 27.c7 Nb6 28.Rc1 Kf6  1-0

[Event "EU-ch U16"]
[Site "Rimavska Sobota"]
[Date "1992.??.??"]
[Round "?"]
[White "Zifroni, Dov"]
[Black "Gyimesi, Zoltan"]
[Result "1-0"]
[WhiteElo "2355"]
[BlackElo "2445"]

1.Nf3 f5 2.g3 g6 3.d4 Bg7 4.Bg2 Nf6 5.O-O O-O 6.c4 d6 7.Nc3 Qe8 8.Nd5 Nxd5
9.cxd5 Qb5 10.Ng5 c6 11.a4 Qb6 12.dxc6 bxc6  1-0

[Event "Sas van Gent"]
[Site "Sas van Gent"]
[Date "1992.??.??"]
[Round "?"]
[White "Meulders, Richard"]
[Black "Klip, Hans"]
[Result "1-0"]
[WhiteElo "2385"]
[BlackElo "2345"]

1.d4 f5 2.g3 g6 3.Bg2 Bg7 4.c4 Nf6 5.Nf3 O-O 6.O-O d6 7.Nc3 Nc6 8.d5 Ne5
9.Nxe5 dxe5 10.Qb3 h6 11.c5 Kh8 12.Rd1 g5 13.Bd2 e4 14.Be1 Ng4 15.Nb5 a6
16.Nd4 Qe8 17.f3 Nf6 18.Bc3 f4 19.Ne6 Bxe6 20.dxe6 fxg3 21.hxg3 Qc6 22.fxe4 Qxc5+
23.Bd4 Qa5 24.Rac1 Rad8 25.Rc5 b5 26.Rf5 c6 27.a3 Qc7 28.Qc3 Kg8 29.Rdf1 Qc8
30.Rc5 Nxe4 31.Rxf8+ Rxf8 32.Bxe4 Qxe6 33.Bxg7 Rd8 34.Bh8 Rd1+ 35.Kh2 Qf7  1-0

[Event "Sas van Gent"]
[Site "Sas van Gent"]
[Date "1992.??.??"]
[Round "?"]
[White "Jelen, Iztok"]
[Black "Klip, Hans"]
[Result "0-1"]
[WhiteElo "2430"]
[BlackElo "2345"]

1.d4 f5 2.c4 Nf6 3.Nf3 g6 4.g3 Bg7 5.Bg2 O-O 6.O-O d6 7.Nc3 c6 8.d5 Bd7 9.Rb1 a5
10.Nd4 Qb6 11.e3 Na6 12.b3 Nc5 13.Ba3 Rac8 14.Rc1 Rfd8 15.Qc2 cxd5 16.Bxd5+ e6
17.Bg2 d5 18.cxd5 e5 19.Nde2 e4 20.Bxc5 Rxc5 21.Rfd1 Rdc8 22.Qd2 Qb4 23.Qd4 Qxd4
24.exd4 R5c7 25.a4 Bh6 26.d6 Rc6 27.d5 Rc5 28.Rb1 Rxc3 29.Nxc3 Rxc3 30.Rd4 Bf8
31.Rc4 Rd3 32.Rc7 b6 33.Bf1 Rd2 34.Rb7 e3 35.fxe3 Bxd6 36.Rxb6 Ne4 37.Bb5 Bxb5
38.Rxb5 Bc5 39.Re1 Rxd5 40.Re2 Nc3 41.Rb8+ Kg7 42.Rc2 Rd3 43.Kg2 Rxe3 44.Rb7+ Kh6
45.Rc7 Bb4 46.Rd7 Re2+ 47.Rxe2 Nxe2 48.Rd3 Nc3 49.Kf3 Kg5 50.Rd7 h6 51.h4+ Kf6
52.Rc7 Ne4 53.Rc6+ Nd6 54.Rc7 g5 55.hxg5+ Kxg5 56.Rg7+ Kf6 57.Rg8 Ne4 58.Rh8 Ng5+
59.Ke3 Kg7 60.Re8 Bd6 61.Ra8 Bb4 62.Ra6 Ne4 63.Kf4 Bd2+ 64.Kxf5 Nxg3+ 65.Kg4 Ne2
66.Rd6 Bb4 67.Rd3 Kg6 68.Kf3 Nc1 69.Re3 Kf5 70.Kg2 Bd2 71.Rh3 Ke4 72.Kf2 Kd4
73.Kf3 Nxb3 74.Ke2 Kc4 75.Rh4+ Kc3 76.Kd1 Bg5  0-1

[Event "Sitges op"]
[Site "Sitges"]
[Date "1992.??.??"]
[Round "4"]
[White "Semkov, Semko"]
[Black "Gual Pascual, Antonio"]
[Result "1/2-1/2"]
[WhiteElo "2480"]
[BlackElo "2320"]

1.d4 f5 2.Nf3 Nf6 3.c4 g6 4.g3 Bg7 5.Bg2 O-O 6.O-O d6 7.Nc3 c6 8.b3 a5 9.Bb2 Na6
10.Re1 Qc7 11.e4 fxe4 12.Nxe4 Nxe4 13.Rxe4 Bf5 14.Re1 Rae8 15.Ng5 e5 16.dxe5 Bxe5
17.Bxe5 dxe5 18.Ne4 Bxe4 19.Bxe4 Nc5 20.Qg4 Qf7 21.Re2 a4 22.b4 Ne6 23.Rc1 Kg7
24.Rd2 Rd8 25.Qe2 Rxd2 26.Qxd2 Qe7 27.h4 Rd8 28.Qc3 Rd4 29.Re1 Qf6 30.Bg2 g5
31.hxg5 Nxg5 32.b5  1/2-1/2

[Event "Alekhine op"]
[Site "Smolensk"]
[Date "1992.??.??"]
[Round "7"]
[White "Shestoperov, Aleksej"]
[Black "Yagupov, Igor"]
[Result "0-1"]
[WhiteElo "2455"]
[BlackElo "2400"]

1.d4 f5 2.g3 Nf6 3.Bg2 g6 4.Nf3 Bg7 5.O-O O-O 6.c4 d6 7.Nc3 c6 8.Rb1 Ne4
9.Bd2 Nxd2 10.Qxd2 e5 11.d5 c5 12.Ne1 g5 13.f4 gxf4 14.gxf4 e4 15.Kh1 Rf6
16.e3 Rh6 17.Rg1 Nd7 18.Bf1 Nf6 19.Be2 Bd7 20.Nc2 Qe7 21.Rg3 Kh8 22.Rbg1 Rg8
23.Nd1 Ng4 24.Bxg4 fxg4 25.Nf2 Bxb2 26.Nxg4 Rhg6 27.Nf2 Bf5 28.Ne1 Bf6 29.Qe2 Bh4
30.Rxg6 Bxg6 31.Ng2 Bf6 32.Ne1 Qf7 33.Qg4 Bc3 34.Nc2 b5 35.f5 Qxf5 36.Qxf5 Bxf5
37.Rxg8+ Kxg8 38.cxb5 Kf7 39.Na3 Be1 40.Kg2 Ke7 41.Nc4 Bg6 42.a4 Bf7 43.Nxe4 Bxd5
44.Kf1 Bxe4 45.Kxe1 d5 46.Nb2 Kd6 47.Kd2 c4 48.Kc3 Kc5 49.Nd1 Bf3 50.Nf2 Bh5
51.Nh3 Bd1 52.Ng5 h6 53.Ne6+ Kd6 54.a5 Kxe6 55.b6 axb6 56.a6 Ba4  0-1